<?xml version="1.0" encoding="UTF-8"?>
<marc:record xmlns:marc="http://www.loc.gov/MARC21/slim">
   <marc:leader>00000nam a2200000 a 4500</marc:leader>
   <marc:datafield ind1="1" ind2=" " tag="100">
      <marc:subfield code="a">Biddulph Steve</marc:subfield>
      <marc:subfield code="4">aut</marc:subfield>
      <marc:subfield code="e">Verfasser/-in</marc:subfield>
   </marc:datafield>
   <marc:datafield ind1=" " ind2=" " tag="653">
      <marc:subfield code="a">Erziehung</marc:subfield>
   </marc:datafield>
   <marc:datafield ind1=" " ind2=" " tag="653">
      <marc:subfield code="a">Kinder</marc:subfield>
   </marc:datafield>
   <marc:datafield ind1="0" ind2="0" tag="245">
      <marc:subfield code="a">Weitere Geheimnisse glücklicher Kinder </marc:subfield>
   </marc:datafield>
   <marc:datafield ind1="0" ind2="0" tag="245">
      <marc:subfield code="b">die neue Generation von Elternratgebern</marc:subfield>
   </marc:datafield>
   <marc:datafield ind1=" " ind2="1" tag="264">
      <marc:subfield code="b">Beust</marc:subfield>
      <marc:subfield code="c">1999</marc:subfield>
   </marc:datafield>
   <marc:datafield ind1="1" ind2=" " tag="520">
      <marc:subfield code="a">Endlich liegt der lang erwartete Fortsetzungsband zu Steve Biddulphs "Das Geheimnis glücklicher kinder" auch auf deutsch vor. Millionen Leserinnen und Leser auf der ganzen Welt sind bereits begeisterte Benutzer des ersten Bandes. Der zweite Band, "Weitere Geheimnisse glücklicher kinder", hilft Eltern dabei, die Liebe, die sie für ihre Kinder empfinden, auch in die Tat umzusetzten, und zeigt ihnen, wie sie Disziplin und Gehorsamj von ihren Kindern einfordern können, ohne auf physische Gewalt oder Einschüchterungen zurückzugreifen.</marc:subfield>
   </marc:datafield>
   <marc:datafield ind1="3" ind2=" " tag="024">
      <marc:subfield code="a">3895300209</marc:subfield>
   </marc:datafield>
</marc:record>
